| 000 | 01197nas a2200349 4500 | ||
|---|---|---|---|
| 001 | BR2012003627 | ||
| 003 | BR-BrBNA | ||
| 005 | 20231205120607.0 | ||
| 007 | ta | ||
| 008 | 230509b bl.|||p| |||| 00| 00por d | ||
| 040 |
_aBR-BrBNA _bpor _cBiblioteca Nacional de Agricultura |
||
| 041 | _a(Pt) | ||
| 072 | _aL70 | ||
| 100 | 1 | _aTaffarel, M.O. | |
| 100 | 1 | _aSalgado, A.E.P. | |
| 100 | 1 | _aMelo Filho, E.V. | |
| 100 | 1 | _aTeixeira, L.R. | |
| 100 | 1 | _aFracalossi, L.D.C. | |
| 100 | 1 | _aLuz, M.R. | |
| 100 | 1 | _aFreitas, P.M.C. | |
| 245 | 1 | _aEfeitos da eletroacupuntura, aquapuntura e farmacopuntura em cadelas anestesiadas com isofluorano e submetidas à ovário-histerectomia | |
| 246 | 1 | _aEffects of electroacupuncture, aquapuncture and farmacopuntura in dogs anesthetized with isoflurane and submitted to ovariohysterectomy | |
| 650 | _aCÃO | ||
| 650 | _aFÊMEA | ||
| 650 | _aACUPUNTURA | ||
| 650 | _aCIRURGIA | ||
| 650 | _aVETERINÁRIA | ||
| 650 | _aANESTESIA | ||
| 773 | 0 |
_tArquivo Brasileiro de Medicina Veterinária e Zootecnia (Brazil) _xISSN 0102-0935 _g(Feb 2012), v. 64(1) p. 23-31 _wBR2012003627 |
|
| 909 |
_a202311 _bLúcia _c55 _dLúcia Elande |
||
| 942 |
_2AGRIS _n0 _cANA |
||
| 999 |
_c219303 _d219303 |
||